[Event "43. Olimpiada Batumi 2018 Femenina"]
[Site "Batumi GEO"]
[Date "2018.09.26"]
[Round "3.4"]
[White "Baqer, Fatemah Alzahraa"]
[Black "Razafimahefa, Lalaina Vololona"]
[Result "0-1"]
[WhiteElo "1173"]
[BlackElo "1442"]
[PlyCount "144"]
[EventDate "2018.09.24"]
[EventType "team-swiss"]
[EventRounds "11"]
[EventCountry "GEO"]
[SourceTitle "Ajedrez en Madrid"]
[Source "lmi"]
[SourceDate "2018.09.24"]
[WhiteTeam "Kuwait"]
[BlackTeam "Madagascar"]
[WhiteTeamCountry "KUW"]
[BlackTeamCountry "MAD"]

1. e4 d6 2. Nf3 e5 3. d4 Nf6 4. Nc3 Bg4 5. dxe5 Bxf3 6. gxf3 dxe5 7. Qxd8+ Kxd8
8. Be3 Nbd7 9. O-O-O a6 10. Bg5 Bd6 11. Bc4 Ke8 12. Nd5 Nh5 13. Be7 Rc8 14.
Bxd6 cxd6 15. Be2 Nc5 16. Rhg1 g6 17. f4 Nxe4 18. Bg4 f5 19. Bxh5 gxh5 20. f3
Nf2 21. Rd2 Nh3 22. Rg3 Nxf4 23. Nxf4 exf4 24. Re2+ Kf7 25. Rg5 Kf6 26. Reg2
Rc7 27. Rxh5 h6 28. Rh4 Rc4 29. Kd2 h5 30. Kd3 Ra4 31. c4 Rxa2 32. Rxf4 Ra1 33.
Rd4 Rd1+ 34. Kc3 Rxd4 35. Kxd4 Re8 36. Kd5 Re3 37. Kxd6 Rxf3 38. Rd2 Rb3 39. c5
Kg5 40. Ke5 Kg4 41. Rg2+ Kh3 42. Rf2 Rb5 43. Kd6 f4 44. Kd5 Kg4 45. Ke4 Rxc5
46. Rg2+ Kh3 47. Kf3 Rb5 48. Rc2 Rb3+ 49. Kxf4 Rb4+ 50. Kg5 Rb5+ 51. Kh6 h4 52.
Kg7 Rg5+ 53. Kh6 Rg2 54. Rc3+ Kxh2 55. Kh5 Rxb2 56. Kxh4 Rb4+ 57. Kg5 a5 58.
Rc2+ Kg3 59. Rc3+ Kf2 60. Rc2+ Ke3 61. Kf5 Kd3 62. Rc1 a4 63. Rd1+ Kc2 64. Rh1
a3 65. Rh2+ Kb3 66. Ke5 b5 67. Rh3+ Ka2 68. Rh2+ Rb2 69. Rh3 b4 70. Kd4 Ka1 71.
Kd3 Rb3+ 72. Kc2 Rxh3 0-1

[Event "43. Olimpiada Batumi 2018 Femenina"]
[Site "Batumi GEO"]
[Date "2018.09.26"]
[Round "3.1"]
[White "Nosimilo, Mkhonto"]
[Black "Figueroa, Julissa"]
[Result "0-1"]
[WhiteElo "1372"]
[BlackElo "1666"]
[PlyCount "101"]
[EventDate "2018.09.24"]
[EventType "team-swiss"]
[EventRounds "11"]
[EventCountry "GEO"]
[SourceTitle "Ajedrez en Madrid"]
[Source "lmi"]
[SourceDate "2018.09.24"]
[WhiteTeam "Swaziland"]
[BlackTeam "Barbados"]
[WhiteTeamCountry "SWA"]
[BlackTeamCountry "BAR"]

1. d4 d5 2. e3 Nf6 3. f4 Bf5 4. Nf3 e6 5. Nbd2 Bd6 6. Be2 h6 7. Ne5 Ne4 8. O-O
O-O 9. Bg4 c5 10. c3 Nc6 11. Bxf5 exf5 12. Qh5 Nxd2 13. Nxc6 bxc6 14. Bxd2 Qf6
15. Be1 Rab8 16. Rb1 Qe6 17. Bf2 Rb7 18. b3 Rfb8 19. Qe2 cxd4 20. cxd4 Bxf4 21.
Qf3 Bg5 22. Rbc1 Rc8 23. Rc2 Re7 24. Rfc1 Bxe3 25. Bxe3 Qxe3+ 26. Qxe3 Rxe3 27.
Kf2 Rd3 28. Ke2 Rxd4 29. Rxc6 Re8+ 30. Kf3 Rd3+ 31. Kf2 Rd2+ 32. Kf1 Rxa2 33.
Rd1 Ree2 34. Rc3 Rf2+ 35. Kg1 Rxg2+ 36. Kf1 Rxh2 37. Rg3 f4 38. Rg4 f3 39. Rg3
Rh1+ 40. Rg1 Rxg1+ 41. Kxg1 g5 42. Rxd5 g4 43. Rd1 g3 44. Rf1 Rg2+ 45. Kh1 Rh2+
46. Kg1 f2+ 47. Rxf2 Rxf2 48. Kh1 h5 49. b4 h4 50. b5 h3 51. b6 0-1

[Event "43. Olimpiada Batumi 2018 Femenina"]
[Site "Batumi GEO"]
[Date "2018.09.26"]
[Round "3.2"]
[White "Blackman, Katrina"]
[Black "Dlamini, Nosipho"]
[Result "1-0"]
[WhiteElo "1755"]
[BlackElo "1239"]
[PlyCount "61"]
[EventDate "2018.09.24"]
[EventType "team-swiss"]
[EventRounds "11"]
[EventCountry "GEO"]
[SourceTitle "Ajedrez en Madrid"]
[Source "lmi"]
[SourceDate "2018.09.24"]
[WhiteTeam "Barbados"]
[BlackTeam "Swaziland"]
[WhiteTeamCountry "BAR"]
[BlackTeamCountry "SWA"]

1. d4 Nf6 2. Bf4 Nc6 3. Nf3 d5 4. e3 Bf5 5. c4 e6 6. Nc3 g6 7. Be2 Bg7 8. O-O
O-O 9. Rc1 Na5 10. cxd5 Nxd5 11. Bg3 Nxc3 12. Rxc3 Nc6 13. Qb3 Qc8 14. Bb5 Rb8
15. Qa3 Be4 16. Rfc1 a6 17. Bxc6 bxc6 18. Ne5 Bxe5 19. Bxe5 f6 20. Bg3 c5 21.
Rxc5 Qb7 22. f3 Bxf3 23. gxf3 Qxf3 24. Rxc7 Qe2 25. R7c2 Qf3 26. Bxb8 Qe4 27.
Bg3 Kg7 28. Rc7+ Rf7 29. Rxf7+ Kxf7 30. Rc7+ Ke8 31. Qe7# 1-0

[Event "43. Olimpiada Batumi 2018 Femenina"]
[Site "Batumi GEO"]
[Date "2018.09.26"]
[Round "3.3"]
[White "Nokuthula, Mkhonta"]
[Black "Greenidge, Vanessa"]
[Result "0-1"]
[WhiteElo "1053"]
[BlackElo "1492"]
[PlyCount "64"]
[EventDate "2018.09.24"]
[EventType "team-swiss"]
[EventRounds "11"]
[EventCountry "GEO"]
[SourceTitle "Ajedrez en Madrid"]
[Source "lmi"]
[SourceDate "2018.09.24"]
[WhiteTeam "Swaziland"]
[BlackTeam "Barbados"]
[WhiteTeamCountry "SWA"]
[BlackTeamCountry "BAR"]

1. e4 c5 2. d4 cxd4 3. Qxd4 Nc6 4. Qd1 Nf6 5. Nc3 g6 6. Nf3 d6 7. Be2 Bg7 8. h3
Bd7 9. O-O O-O 10. Bf4 Rc8 11. Qd2 a6 12. a4 Na5 13. b3 Nh5 14. Rfe1 Bxc3 15.
Qc1 Bxa1 16. Qxa1 Nxf4 17. Bf1 Rxc2 18. Nd4 Rc8 19. Qd1 Qb6 20. Qf3 Qxd4 21.
Qxf4 Rc2 22. Qe3 Qxe3 23. Rxe3 Rfc8 24. Be2 Rc1+ 25. Bf1 Rb1 26. g3 Rcc1 27.
Kg2 Rxf1 28. g4 Nxb3 29. Rd3 Bc6 30. Re3 Nd4 31. f4 Rg1+ 32. Kf2 Rbf1# 0-1

[Event "43. Olimpiada Batumi 2018 Femenina"]
[Site "Batumi GEO"]
[Date "2018.09.26"]
[Round "3.1"]
[White "Saraci, Ndriqona"]
[Black "Ndirangu, Joyce Nyaruai"]
[Result "1-0"]
[WhiteElo "1263"]
[BlackElo "1673"]
[PlyCount "83"]
[EventDate "2018.09.24"]
[EventType "team-swiss"]
[EventRounds "11"]
[EventCountry "GEO"]
[SourceTitle "Ajedrez en Madrid"]
[Source "lmi"]
[SourceDate "2018.09.24"]
[WhiteTeam "Kosovo"]
[BlackTeam "Kenya"]
[WhiteTeamCountry "KOS"]
[BlackTeamCountry "KEN"]

1. e4 c5 2. Nf3 d6 3. d4 cxd4 4. Nxd4 Nf6 5. Nc3 g6 6. Bb5+ Bd7 7. Bxd7+ Nbxd7
8. O-O Bg7 9. Be3 O-O 10. h3 Rc8 11. Qd2 Ne5 12. Rab1 Nc4 13. Qc1 a6 14. f3
Nxe3 15. Qxe3 Qa5 16. a3 Rc4 17. Nb3 Qc7 18. Nd2 Nd5 19. Nxd5 Bd4 20. Qxd4 Rxd4
21. Nxc7 Rxd2 22. Nd5 e6 23. Ne3 Rc8 24. Rbd1 Re2 25. Rfe1 Rxe1+ 26. Rxe1 Kf8
27. Rd1 Ke7 28. Rd3 b5 29. Rc3 Rxc3 30. bxc3 Kd7 31. Kf2 Kc6 32. Ke2 Kb6 33.
Kd3 Ka5 34. c4 b4 35. axb4+ Kxb4 36. c3+ Kb3 37. f4 a5 38. e5 d5 39. c5 a4 40.
c6 a3 41. c7 a2 42. Nc2 1-0

[Event "43. Olimpiada Batumi 2018 Femenina"]
[Site "Batumi GEO"]
[Date "2018.09.26"]
[Round "3.2"]
[White "Jumba, Gloria"]
[Black "Saraci, Rinesa"]
[Result "1-0"]
[WhiteElo "1598"]
[BlackElo "1138"]
[PlyCount "107"]
[EventDate "2018.09.24"]
[EventType "team-swiss"]
[EventRounds "11"]
[EventCountry "GEO"]
[SourceTitle "Ajedrez en Madrid"]
[Source "lmi"]
[SourceDate "2018.09.24"]
[WhiteTeam "Kenya"]
[BlackTeam "Kosovo"]
[WhiteTeamCountry "KEN"]
[BlackTeamCountry "KOS"]

1. d4 d5 2. Nf3 Nc6 3. g3 Bf5 4. Bg2 Nb4 5. Na3 e6 6. O-O Nf6 7. Bf4 Bd6 8.
Bxd6 cxd6 9. c3 Nc6 10. Rc1 Rc8 11. Qb3 Qc7 12. Nh4 Be4 13. f3 Bg6 14. Nxg6
fxg6 15. Nb5 Qd7 16. Qa3 Rd8 17. Qb3 a6 18. Na3 b5 19. e4 O-O 20. Nb1 dxe4 21.
fxe4 Kh8 22. Nd2 e5 23. d5 Na5 24. Qb4 Qa7+ 25. Kh1 Nb7 26. c4 bxc4 27. Nxc4
Ng4 28. Qb6 Qxb6 29. Nxb6 Rxf1+ 30. Rxf1 Ne3 31. Rf2 Nxg2 32. Kxg2 Nc5 33. Re2
Rb8 34. Nc4 Rd8 35. Kf3 Kg8 36. Ke3 Kf7 37. Rf2+ Ke7 38. Na5 Rf8 39. Nc6+ Ke8
40. Rxf8+ Kxf8 41. b4 Nb7 42. Kd3 Ke8 43. Kc4 g5 44. g4 g6 45. a3 Kf7 46. Nb8
a5 47. Kb5 axb4 48. axb4 Ke8 49. Kc6 Nd8+ 50. Kxd6 Nf7+ 51. Kc7 Ke7 52. Nc6+
Ke8 53. d6 Nxd6 54. Kxd6 1-0

[Event "43. Olimpiada Batumi 2018 Femenina"]
[Site "Batumi GEO"]
[Date "2018.09.26"]
[Round "3.1"]
[White "Rawan, Eyhab"]
[Black "Beekhy, Aamirah"]
[Result "1-0"]
[WhiteElo "1568"]
[BlackElo "1397"]
[PlyCount "65"]
[EventDate "2018.09.24"]
[EventType "team-swiss"]
[EventRounds "11"]
[EventCountry "GEO"]
[SourceTitle "Ajedrez en Madrid"]
[Source "lmi"]
[SourceDate "2018.09.24"]
[WhiteTeam "Sudan"]
[BlackTeam "Mauritius"]
[WhiteTeamCountry "SUD"]
[BlackTeamCountry "MRI"]

1. d4 Nf6 2. Bf4 g6 3. Nf3 Bg7 4. e3 O-O 5. h3 d6 6. c4 c5 7. Bd3 Nbd7 8. Nc3
a6 9. a4 Qb6 10. Qc2 cxd4 11. exd4 Re8 12. Be3 Qc7 13. O-O b6 14. b4 Bb7 15. d5
Nh5 16. Bd4 Ne5 17. Nxe5 dxe5 18. Be3 e4 19. Be2 b5 20. axb5 Qc8 21. bxa6 Bxa6
22. b5 Bb7 23. Rxa8 Bxa8 24. Nxe4 Bxd5 25. Bxh5 gxh5 26. Rc1 Ba8 27. c5 Qb7 28.
b6 Qxe4 29. c6 Bxc6 30. Qxc6 Qxc6 31. Rxc6 Be5 32. b7 Bb8 33. Rc8 1-0

[Event "43. Olimpiada Batumi 2018 Femenina"]
[Site "Batumi GEO"]
[Date "2018.09.26"]
[Round "3.3"]
[White "Ebrahim, Zahabiyah"]
[Black "Lam, Ka Yan"]
[Result "1/2-1/2"]
[WhiteElo "1217"]
[BlackElo "1182"]
[PlyCount "70"]
[EventDate "2018.09.24"]
[EventType "team-swiss"]
[EventRounds "11"]
[EventCountry "GEO"]
[SourceTitle "Ajedrez en Madrid"]
[Source "lmi"]
[SourceDate "2018.09.24"]
[WhiteTeam "Tanzania"]
[BlackTeam "Hong Kong"]
[WhiteTeamCountry "TAN"]
[BlackTeamCountry "HKG"]

1. e4 e5 2. Nf3 d6 3. Bc4 Nc6 4. Nc3 Nf6 5. O-O Na5 6. b3 Qe7 7. d3 Be6 8. Re1
O-O-O 9. Be3 Nxc4 10. bxc4 b6 11. h3 h6 12. Qc1 g5 13. Nd2 g4 14. hxg4 Nxg4 15.
Nf3 h5 16. Qa3 Nxe3 17. Rxe3 Bh6 18. Ree1 Rhg8 19. Qxa7 Kd7 20. Nd5 Bxd5 21.
cxd5 Ra8 22. Qb7 Qf6 23. Re3 Bxe3 24. fxe3 Qxf3 25. Qc6+ Ke7 26. Qxc7+ Ke8 27.
Qc6+ Ke7 28. Qc7+ Ke8 29. Qc6+ Ke7 30. Qc7+ Ke8 31. Qc6+ Ke7 32. Qc7+ Ke8 33.
Qc6+ Ke7 34. Qc7+ Ke8 35. Qc6+ Ke7 1/2-1/2

[Event "43. Olimpiada Batumi 2018 Femenina"]
[Site "Batumi GEO"]
[Date "2018.09.26"]
[Round "3.1"]
[White "Vazquez Maccarini, Danitza"]
[Black "Vilhete, Vania Fausto Da T"]
[Result "0-1"]
[WhiteElo "2082"]
[BlackElo "1752"]
[PlyCount "98"]
[EventDate "2018.09.24"]
[EventType "team-swiss"]
[EventRounds "11"]
[EventCountry "GEO"]
[SourceTitle "Ajedrez en Madrid"]
[Source "lmi"]
[SourceDate "2018.09.24"]
[WhiteTeam "Puerto Rico"]
[BlackTeam "Mozambique"]
[WhiteTeamCountry "PUR"]
[BlackTeamCountry "MOZ"]

1. e4 c5 2. Nf3 d6 3. Bb5+ Bd7 4. c4 Nc6 5. Nc3 e6 6. O-O Nf6 7. d4 cxd4 8.
Nxd4 Be7 9. Re1 O-O 10. b3 e5 11. Nc2 a6 12. Bxc6 bxc6 13. Qd3 Qc7 14. Ba3 Rfd8
15. Rad1 Be6 16. Qe2 Nd7 17. Ne3 Nf8 18. Nf5 Ng6 19. Qd2 Bxf5 20. exf5 Nf4 21.
Na4 Rab8 22. Bb4 Qc8 23. Ba5 Re8 24. Qc2 Bf8 25. g3 Nh5 26. Bc3 Nf6 27. c5 Nd5
28. cxd6 Bxd6 29. Ba1 Nb4 30. Qe4 Bc7 31. Nc5 Nd5 32. Qc4 Rb6 33. Na4 Rb8 34.
Qxc6 Nb4 35. Qc4 Nxa2 36. Nc5 Qxf5 37. Nxa6 Bb6 38. Re2 Rbc8 39. Qb5 Qf3 40.
Rf1 Nc1 41. Ree1 Ba7 42. Nb4 Nxb3 43. Rxe5 Rxe5 44. Bxe5 Nd2 45. Bb2 Nxf1 46.
Qxf1 Rd8 47. Nc2 Rd2 48. Ne3 Bxe3 49. fxe3 Rd1 0-1

[Event "43. Olimpiada Batumi 2018 Femenina"]
[Site "Batumi GEO"]
[Date "2018.09.26"]
[Round "3.2"]
[White "Efentakis, Katina"]
[Black "Comas Colon, Rinelly M"]
[Result "1-0"]
[WhiteElo "1451"]
[BlackElo "1720"]
[PlyCount "65"]
[EventDate "2018.09.24"]
[EventType "team-swiss"]
[EventRounds "11"]
[EventCountry "GEO"]
[SourceTitle "Ajedrez en Madrid"]
[Source "lmi"]
[SourceDate "2018.09.24"]
[WhiteTeam "Mozambique"]
[BlackTeam "Puerto Rico"]
[WhiteTeamCountry "MOZ"]
[BlackTeamCountry "PUR"]

1. e4 g6 2. Nf3 Bg7 3. Bc4 d6 4. d4 Nf6 5. Nc3 c6 6. e5 dxe5 7. Nxe5 e6 8. Bg5
h6 9. Bh4 g5 10. Bg3 b5 11. Bb3 a5 12. a3 a4 13. Ba2 Qb6 14. O-O Nbd7 15. Re1
O-O 16. h4 Bb7 17. hxg5 hxg5 18. Ne4 Nxe4 19. Nxd7 Qd8 20. Nxf8 Nxg3 21. Nxe6
fxe6 22. Bxe6+ Kf8 23. Qf3+ Qf6 24. Qxg3 Qf4 25. Qxf4+ gxf4 26. c3 c5 27. dxc5
Bc6 28. Rad1 Ra7 29. Bd5 Be8 30. c6 Rc7 31. Re4 Bh6 32. Rb4 Bh5 33. f3 1-0

[Event "43. Olimpiada Batumi 2018 Femenina"]
[Site "Batumi GEO"]
[Date "2018.09.26"]
[Round "3.3"]
[White "Vega Jimenez, Keyshla M"]
[Black "Sitoe, Cheila Andre"]
[Result "1-0"]
[WhiteElo "1683"]
[BlackElo "1545"]
[PlyCount "115"]
[EventDate "2018.09.24"]
[EventType "team-swiss"]
[EventRounds "11"]
[EventCountry "GEO"]
[SourceTitle "Ajedrez en Madrid"]
[Source "lmi"]
[SourceDate "2018.09.24"]
[WhiteTeam "Puerto Rico"]
[BlackTeam "Mozambique"]
[WhiteTeamCountry "PUR"]
[BlackTeamCountry "MOZ"]

1. e4 e5 2. Nf3 d6 3. Nc3 Be7 4. d4 exd4 5. Nxd4 Nf6 6. h3 Bd7 7. Be2 Nc6 8.
Be3 O-O 9. f4 a6 10. a4 Re8 11. O-O Bf8 12. Bd3 Nxd4 13. Bxd4 Bc6 14. Qf3 h6
15. g4 Nd7 16. b4 a5 17. b5 Bxe4 18. Bxe4 Rb8 19. Bxb7 Nb6 20. Bxb6 cxb6 21.
Bc6 Re6 22. Rae1 Qe7 23. Nd5 Qh4 24. Rxe6 fxe6 25. Nc3 Qf6 26. Qe3 d5 27. Qe5
Bc5+ 28. Kg2 Qxe5 29. fxe5 Rf8 30. Rxf8+ Kxf8 31. Ne2 Kf7 32. Kf3 g5 33. c3 Bf8
34. Ke3 Bc5+ 35. Kd3 Ke7 36. c4 dxc4+ 37. Kxc4 Be3 38. Nc3 Bf4 39. Kd4 Bh2 40.
Ne4 Bg1+ 41. Kc4 Bh2 42. Nd6 Bg1 43. Kd3 Bc5 44. Nc4 Bg1 45. Ke4 Bh2 46. Kf3
Bg1 47. Kg3 Bc5 48. h4 Bd4 49. hxg5 hxg5 50. Kf3 Bc5 51. Nd2 Ba3 52. Ke4 Kd8
53. Nf3 Bc1 54. Nd4 Ke7 55. Bb7 Ba3 56. Bc8 Kd8 57. Bxe6 Bc5 58. Nf3 1-0

[Event "43. Olimpiada Batumi 2018 Femenina"]
[Site "Batumi GEO"]
[Date "2018.09.26"]
[Round "3.4"]
[White "Sitoe, Sheila"]
[Black "Maldonado Polo, Mariangeli"]
[Result "0-1"]
[WhiteElo "1425"]
[BlackElo "1274"]
[PlyCount "82"]
[EventDate "2018.09.24"]
[EventType "team-swiss"]
[EventRounds "11"]
[EventCountry "GEO"]
[SourceTitle "Ajedrez en Madrid"]
[Source "lmi"]
[SourceDate "2018.09.24"]
[WhiteTeam "Mozambique"]
[BlackTeam "Puerto Rico"]
[WhiteTeamCountry "MOZ"]
[BlackTeamCountry "PUR"]

1. e4 e5 2. Nf3 Nc6 3. c3 Nf6 4. d3 Be7 5. Be2 O-O 6. O-O d5 7. Nbd2 Bg4 8.
exd5 Qxd5 9. c4 Qd7 10. Re1 Rfe8 11. Qc2 Rad8 12. h3 Bxf3 13. Nxf3 Nb4 14. Qc3
Nxd3 15. Rd1 e4 16. Ne5 Qe6 17. Nxd3 exd3 18. Bxd3 Ne4 19. Qc2 Bc5 20. Bxe4
Rxd1+ 21. Qxd1 Qxe4 22. b3 Bd4 23. Be3 Bxa1 24. Qxa1 a6 25. Qd1 Qe6 26. Qf3 Qe4
27. Qd1 h6 28. a4 Qh4 29. Qd5 c6 30. Qd7 Qe7 31. Qg4 Qe6 32. Qf3 b5 33. axb5
axb5 34. cxb5 cxb5 35. b4 Qe4 36. Qg3 Qxb4 37. Bxh6 Qb1+ 38. Kh2 Qg6 39. Qxg6
fxg6 40. Be3 Rxe3 41. fxe3 b4 0-1

[Event "43. Olimpiada Batumi 2018 Femenina"]
[Site "Batumi GEO"]
[Date "2018.09.26"]
[Round "3.3"]
[White "Figaro, Dericka"]
[Black "Salim-Moussa, Arzy Zahia"]
[Result "1-0"]
[WhiteElo "1671"]
[BlackElo "1357"]
[PlyCount "77"]
[EventDate "2018.09.24"]
[EventType "team-swiss"]
[EventRounds "11"]
[EventCountry "GEO"]
[SourceTitle "Ajedrez en Madrid"]
[Source "lmi"]
[SourceDate "2018.09.24"]
[WhiteTeam "Seychelles"]
[BlackTeam "Netherlands Antilles"]
[WhiteTeamCountry "SEY"]
[BlackTeamCountry "AHO"]

1. d4 d5 2. c4 e6 3. Nf3 c5 4. Nc3 cxd4 5. Qxd4 Nf6 6. Bg5 Be7 7. e3 Nc6 8. Qd1
h6 9. Bh4 Bb4 10. Bd3 Bxc3+ 11. bxc3 e5 12. Be2 O-O 13. cxd5 Qxd5 14. Bxf6
Qxd1+ 15. Rxd1 gxf6 16. O-O Bg4 17. h3 Bxf3 18. Bxf3 Rad8 19. Rb1 Na5 20. Bxb7
Nxb7 21. Rxb7 a6 22. Rb6 Ra8 23. Rxf6 Kg7 24. Rd6 Rfc8 25. Rc1 Rc5 26. g3 Ra5
27. Rc2 Rb8 28. Kg2 Rb1 29. c4 Ra1 30. Rdd2 f6 31. c5 Rb1 32. c6 Rbb5 33. c7
Rc5 34. c8=Q Rxc8 35. Rxc8 Kg6 36. Rc6 Ra4 37. Rdd6 Rxa2 38. Rxf6+ Kg5 39. h4+
1-0

[Event "43. Olimpiada Batumi 2018 Femenina"]
[Site "Batumi GEO"]
[Date "2018.09.27"]
[Round "4.1"]
[White "Ju, Wenjun"]
[Black "Tokhirjonova, Gulrukhbegim"]
[Result "1-0"]
[WhiteElo "2561"]
[BlackElo "2369"]
[PlyCount "137"]
[EventDate "2018.09.24"]
[EventType "team-swiss"]
[EventRounds "11"]
[EventCountry "GEO"]
[SourceTitle "Ajedrez en Madrid"]
[Source "lmi"]
[SourceDate "2018.09.24"]
[WhiteTeam "China"]
[BlackTeam "Uzbekistan"]
[WhiteTeamCountry "CHN"]
[BlackTeamCountry "UZB"]

1. e4 e5 2. Nf3 Nc6 3. Bb5 a6 4. Ba4 Nf6 5. O-O Be7 6. d3 d6 7. c3 O-O 8. Nbd2
b5 9. Bc2 Re8 10. Re1 Bf8 11. Nf1 Ne7 12. d4 Ng6 13. Ng3 h6 14. a4 Bb7 15. b3
c6 16. Bd2 Qc7 17. Qc1 Rac8 18. Qb2 Qb6 19. h3 c5 20. d5 Nd7 21. Be3 b4 22. a5
bxc3 23. Qxc3 Qb4 24. Qxb4 cxb4 25. Bd3 Nc5 26. Bc4 Nf4 27. Red1 g6 28. Ne1 h5
29. f3 Rb8 30. Nc2 Bc8 31. h4 Bh6 32. Nf1 Kh7 33. Kh2 g5 34. hxg5 Bxg5 35. g3
Nh3 36. Bxc5 dxc5 37. d6 Bd7 38. Bxa6 Nf2 39. Rd5 Be6 40. Kg2 Bxd5 41. exd5 Ra8
42. Be2 Bd8 43. a6 Bb6 44. Kxf2 c4+ 45. Kg2 cxb3 46. Nxb4 Red8 47. Rb1 Rxd6 48.
Rxb3 Ba5 49. Bd3+ Kg7 50. Nc2 Rb6 51. Ra3 Bb4 52. Nxb4 Rxb4 53. Ne3 Kf6 54. Rc3
Ra7 55. Nf5 Kg5 56. d6 Rb2+ 57. Kh3 Rd2 58. Ne7 Rd7 59. Nc8 f5 60. a7 Ra2 61.
Bc4 Ra5 62. Be6 Rd8 63. d7 Ra6 64. Rc2 Kf6 65. Bc4 Rxa7 66. Nxa7 Rxd7 67. Nc6
f4 68. gxf4 exf4 69. Be2 1-0

[Event "43. Olimpiada Batumi 2018 Femenina"]
[Site "Batumi GEO"]
[Date "2018.09.27"]
[Round "4.2"]
[White "Kurbonboeva, Sarvinoz"]
[Black "Shen, Yang"]
[Result "0-1"]
[WhiteElo "2202"]
[BlackElo "2464"]
[PlyCount "92"]
[EventDate "2018.09.24"]
[EventType "team-swiss"]
[EventRounds "11"]
[EventCountry "GEO"]
[SourceTitle "Ajedrez en Madrid"]
[Source "lmi"]
[SourceDate "2018.09.24"]
[WhiteTeam "Uzbekistan"]
[BlackTeam "China"]
[WhiteTeamCountry "UZB"]
[BlackTeamCountry "CHN"]

1. d4 d5 2. c4 c6 3. cxd5 cxd5 4. Bf4 Nc6 5. e3 e6 6. Nc3 Bd6 7. Qg4 Nf6 8. Qg5
O-O 9. Bd3 h6 10. Qh4 e5 11. dxe5 Nxe5 12. Bxe5 Bxe5 13. Nf3 Bxc3+ 14. bxc3 Ne4
15. Qxd8 Rxd8 16. c4 Be6 17. O-O Ng5 18. Nxg5 hxg5 19. cxd5 Bxd5 20. Rfd1 g6
21. Bc2 Rac8 22. Rd2 Be6 23. Rxd8+ Rxd8 24. a3 Rd2 25. Be4 b6 26. h3 Kg7 27. g4
Kf6 28. Kg2 Ke5 29. Kf3 Bb3 30. Bc6 a5 31. a4 Kd6 32. Be8 Rb2 33. Rc1 Bd5+ 34.
Kg3 Rb4 35. f4 Re4 36. Bb5 Rxe3+ 37. Kh2 gxf4 38. Rd1 Ke5 39. h4 Be6 40. Rg1
Kd4 41. Rf1 Ke5 42. Rg1 Kf6 43. Bc6 g5 44. h5 Kg7 45. Be8 Re2+ 46. Kh3 f5 0-1

[Event "43. Olimpiada Batumi 2018 Femenina"]
[Site "Batumi GEO"]
[Date "2018.09.27"]
[Round "4.3"]
[White "Huang, Qian"]
[Black "Gevorgyan, Irina"]
[Result "1/2-1/2"]
[WhiteElo "2446"]
[BlackElo "2265"]
[PlyCount "39"]
[EventDate "2018.09.24"]
[EventType "team-swiss"]
[EventRounds "11"]
[EventCountry "GEO"]
[SourceTitle "Ajedrez en Madrid"]
[Source "lmi"]
[SourceDate "2018.09.24"]
[WhiteTeam "China"]
[BlackTeam "Uzbekistan"]
[WhiteTeamCountry "CHN"]
[BlackTeamCountry "UZB"]

1. d4 d5 2. Nf3 Nf6 3. c4 c6 4. Qb3 dxc4 5. Qxc4 Bg4 6. Nc3 Nbd7 7. e4 Bxf3 8.
gxf3 e5 9. Be3 Qc7 10. O-O-O Bd6 11. Ne2 O-O 12. Qc2 exd4 13. Nxd4 Kh8 14. h4
Nh5 15. Kb1 Be5 16. Nb5 Qa5 17. Nd6 Qc7 18. Nb5 Qa5 19. Nd6 Qc7 20. Nb5 1/2-1/2

[Event "43. Olimpiada Batumi 2018 Femenina"]
[Site "Batumi GEO"]
[Date "2018.09.27"]
[Round "4.4"]
[White "Baymuratova, Sevara"]
[Black "Lei, Tingjie"]
[Result "1/2-1/2"]
[WhiteElo "2124"]
[BlackElo "2468"]
[PlyCount "104"]
[EventDate "2018.09.24"]
[EventType "team-swiss"]
[EventRounds "11"]
[EventCountry "GEO"]
[SourceTitle "Ajedrez en Madrid"]
[Source "lmi"]
[SourceDate "2018.09.24"]
[WhiteTeam "Uzbekistan"]
[BlackTeam "China"]
[WhiteTeamCountry "UZB"]
[BlackTeamCountry "CHN"]

1. d4 Nf6 2. c4 e6 3. Nf3 d5 4. Nc3 c6 5. e3 Nbd7 6. Qc2 Bd6 7. b3 O-O 8. Be2
b6 9. Bb2 Bb7 10. O-O Qe7 11. e4 Nxe4 12. Nxe4 dxe4 13. Qxe4 f5 14. Qc2 c5 15.
dxc5 Bxc5 16. Rfd1 Rad8 17. a3 e5 18. b4 Bd6 19. Qd2 Nf6 20. Qc3 Ne4 21. Qb3
Kh8 22. Bf1 a5 23. c5 Bc7 24. Rxd8 Rxd8 25. Rc1 Bd5 26. Bc4 a4 27. Qc2 Ba8 28.
Bf1 bxc5 29. bxc5 Bc6 30. h3 h6 31. Qc4 Rb8 32. Rc2 Bb5 33. Qd5 Bxf1 34. Kxf1
Rd8 35. Nxe5 Kh7 36. Qf7 Qxf7 37. Nxf7 Rd5 38. Nd6 Nxc5 39. Nb5 Bb6 40. Bd4 Nd7
41. Bxb6 Nxb6 42. Rb2 Nd7 43. Rb4 Nc5 44. Rd4 Rxd4 45. Nxd4 Kg6 46. Ke2 Kf6 47.
Ke3 g5 48. Nc6 Ke6 49. g3 Kd5 50. Ne7+ Ke6 51. Nc6 Kd5 52. Ne7+ Ke6 1/2-1/2

[Event "43. Olimpiada Batumi 2018 Femenina"]
[Site "Batumi GEO"]
[Date "2018.09.27"]
[Round "4.1"]
[White "Zimina, Olga"]
[Black "Danielian, Elina"]
[Result "0-1"]
[WhiteElo "2421"]
[BlackElo "2409"]
[PlyCount "94"]
[EventDate "2018.09.24"]
[EventType "team-swiss"]
[EventRounds "11"]
[EventCountry "GEO"]
[SourceTitle "Ajedrez en Madrid"]
[Source "lmi"]
[SourceDate "2018.09.24"]
[WhiteTeam "Italy"]
[BlackTeam "Armenia"]
[WhiteTeamCountry "ITA"]
[BlackTeamCountry "ARM"]

1. Nf3 d5 2. g3 Nc6 3. d4 Bf5 4. Bg2 e6 5. O-O Nf6 6. c4 Be7 7. cxd5 exd5 8.
Nc3 O-O 9. Ne5 Re8 10. Nxc6 bxc6 11. Bg5 Rb8 12. Na4 Bg4 13. h3 Bh5 14. Rc1 h6
15. Bxf6 Bxf6 16. g4 Bg6 17. e3 Qd6 18. Rc3 h5 19. gxh5 Bf5 20. b3 Be7 21. Qc1
Qd7 22. Qd1 Bxh3 23. Bxh3 Qxh3 24. e4 Qh4 25. e5 Bg5 26. Kg2 Qe4+ 27. f3 Qf4
28. Rg1 f6 29. Nc5 fxe5 30. Nd7 exd4 31. Rxc6 Rbd8 32. Nc5 Bh4 33. Rg6 Qf5 34.
Rg4 Bf6 35. h6 Re3 36. hxg7 Rde8 37. Rf1 R8e7 38. b4 Rxg7 39. Rxg7+ Bxg7 40.
Rf2 Qg5+ 41. Kh1 Qg3 42. Qf1 c6 43. Qg2 Qh4+ 44. Kg1 d3 45. Qg4 Re1+ 46. Rf1
Qxg4+ 47. fxg4 d2 0-1

[Event "43. Olimpiada Batumi 2018 Femenina"]
[Site "Batumi GEO"]
[Date "2018.09.27"]
[Round "4.2"]
[White "Mkrtchian, Lilit"]
[Black "Sedina, Elena"]
[Result "1-0"]
[WhiteElo "2384"]
[BlackElo "2267"]
[PlyCount "89"]
[EventDate "2018.09.24"]
[EventType "team-swiss"]
[EventRounds "11"]
[EventCountry "GEO"]
[SourceTitle "Ajedrez en Madrid"]
[Source "lmi"]
[SourceDate "2018.09.24"]
[WhiteTeam "Armenia"]
[BlackTeam "Italy"]
[WhiteTeamCountry "ARM"]
[BlackTeamCountry "ITA"]

1. d4 d5 2. c4 c6 3. Nf3 Nf6 4. Nc3 dxc4 5. a4 Bf5 6. Ne5 Nbd7 7. Nxc4 Nb6 8.
Ne5 a5 9. Bg5 h6 10. Bh4 Nbd5 11. Qb3 Qb6 12. Qxb6 Nxb6 13. f3 Bc2 14. e4 e6
15. Bd3 Bb3 16. Ke2 Nfd7 17. Nxd7 Kxd7 18. Bf2 Nc4 19. Rhb1 Nd6 20. Ra3 Bc4 21.
Bxc4 Nxc4 22. Rb3 Nd6 23. e5 Ne8 24. Rxb7+ Nc7 25. d5 exd5 26. Bb6 Rc8 27. Bxa5
Be7 28. b4 Bd8 29. b5 Ke6 30. bxc6 d4 31. Ne4 Nd5 32. Bxd8 Rhxd8 33. Rc1 Kxe5
34. Rxf7 g5 35. Rc5 Ke6 36. Rh7 Nf4+ 37. Kd2 Rh8 38. Rxh8 Rxh8 39. g3 Nd5 40.
Kd3 Rf8 41. Kxd4 Rd8 42. Kc4 Nc7 43. f4 gxf4 44. gxf4 Rd1 45. Rh5 1-0